Регионална библиотека "Любен Каравелов" - Русе

Клуб "Кемъл" (Запис номер 54778)

MARC детайли
000 -Лидер
Контролно поле с фиксирана дължина 01269nam a2200337 c 4500
003 - Код на организацията, давaща контролен номер
Контролно поле BLK
005 - Дата и час на последна редакция
Контролно поле 20241216115809.0
008 - Елементи от данни с фиксирана дължина
fixed length control field 180408b bul|||||r ||||||| ||bul||
010 ## - Наследен системен номер
LC control number KNG00058740000
020 ## - Международен стандартен номер на книга ISBN
Международен стандартен номер на книга ISBN 954-769-111-2
-- издат.: Обсидиан
040 ## - Източник на каталожния запис
Идентификатор на билиотеката - собственик на записа BLK
041 ## - Код за език
Код за езика на текст/звукозапис или на отделно заглавие Български
Код за езика КДБФ Български
080 ## - УДК
Текстов определител УДК Американска литература (на САЩ)
УДК код - определител по УДК 821.111(73)
УДК определител -312.4
УДК - код + определител 821.111(73)-312.4
100 1# - Редна дума - Автор
Автор Балдачи, Дейвид
Авторска отговорност първи автор
R(LIN) 35928
139 ## - Редно поле
Редна дума Балдачи, Дейвид
Авторски знак Балд - Б 21
245 10 - Сведения за заглавието
Заглавие Клуб "Кемъл"
Подзаглавни данни Роман
Редно поле (дума) Дейвид Балдачи; прев. от англ. Веселин Иванов Лаптев.
257 ## - Страна на издаване
Страна на създаване/издаване Съединени американски щати
260 ## - Област на издателските данни
-- София
Име на издателя, разпространителя и проч. Обсидиан
Година на издаване 2006
Печатница В. Търново : Абагар
300 ## - Физическа характеристика
Страници 448 с.
Размери/Мащаб 20 см
380 ## - Жанр
Жанр Худож. лит.
500 ## - Общи забележки
Забележка Ориг. загл. The Camel Club / David Baldacci.
653 ## - Ключова дума – ненормативна
Ключова дума трилъри
653 ## - Ключова дума – ненормативна
Ключова дума романи
700 1# - Други автори (авторска отговорност)
Лично име Лаптев, Веселин Иванов
Автороска отговорност (Описва отношението между автора и произведението) прев. от англ.
9 (RLIN) 364314
852 ## - Местоположение
Форматна сигнатура Цб 226701
856 4# - Електронен адрес и достъп
Електронен формат pdf - файл
Път до файла /url/
856 4# - Електронен адрес и достъп
Електронен формат pdf - файл
Път до файла /url/
942 ## - АРТИКУЛИ
Вид на библиотечния материал Книги
Скрит в OPAC Не
Koha issues (borrowed), all copies 49
944 ## - СЪЗДАВАНЕ И РЕДАКЦИЯ на ЗАПИСА
Създаване/Редакция Създаване
Дата на регистрацията/редакция 08.03.2006
Статус, дата на статуса Цветомила Тодорова
Служител, извършил регистрацията/редакцията 30576
944 ## - СЪЗДАВАНЕ И РЕДАКЦИЯ на ЗАПИСА
Създаване/Редакция Редакция
Дата на регистрацията/редакция 10.12.2013
Статус, дата на статуса ф /
Служител, извършил регистрацията/редакцията
999 ## - СИСТЕМНИ КОНТРОЛНИ НОМЕРА
Koha biblionumber 54778
Koha biblioitemnumber 54778
Наличности
Код за отписване Код за изгубен артикул Източник на класификационната схема Код за повреда Коз за рестрикции Код за отдаване Артикулен № Име на библиотеката - собственик Име на библиотеката, в която се намира в момента Статус (Текущо местоположение) Дата на вписване в системата Местоположение - отдел Цена в лева Инвентарен номер Систематично азбучна сигнатура Баркод Номер на екземпляра Цена в евро Служебна бележка Служебен тип на артикула Бележка за публиката
Изтеглен Не е изгубен Universal Decimal Classification Не е повреден без рестрикции заемане за дома 86285 Регионална библиотека "Любен Каравелов" Русе Регионална библиотека "Любен Каравелов" Русе Заемна - подръчен фонд 2006-03-08 Заемна - подръчен фонд 12.90 120000700596 П 820(73)-31/Б 21 120000700596 1 6.60 Дост: Pk Вид: Ф N: 2 Дата: 07.03.2006 Книги  
  Не е изгубен   Не е повреден без рестрикции ползва се в читалня 86286 Регионална библиотека "Любен Каравелов" Русе Регионална библиотека "Любен Каравелов" Русе Хранилище 2009-04-02 Хранилище 12.90 120000734679 Цб 226701 120000734679 2 6.60 Дост: Dp Вид: Д N: 44 Дата: 15.10.2008 Книги  
Изтеглен Не е изгубен   Не е повреден без рестрикции заемане за дома 86287 Регионална библиотека "Любен Каравелов" Русе Регионална библиотека "Любен Каравелов" Русе   2013-04-05 Заемна - подръчен фонд 12.90 120000765520 П 820(73)-31/Б 21 120000765520 3 6.60 Дост: DA Вид: А N: 4 Дата: 05.04.2013 Книги Отч.N: 50/2017 , Дата: 10.10.2017
Изтеглен Не е изгубен Universal Decimal Classification Не е повреден без рестрикции заемане за дома 86288 Регионална библиотека "Любен Каравелов" Русе Регионална библиотека "Любен Каравелов" Русе Заемна - подръчен фонд 2013-12-09 Заемна - подръчен фонд 12.90 120000772708 П 820(73)-31/Б 21 120000772708 4 6.60 Дост: DA Вид: А N: 20 Дата: 09.12.2013 Дата инв: 21.02.2018 Бележки инв: П2018 Книги  
Vip Innovations Ltd, Rousse, Bulgaria 2025